Everyday science (Record no. 800189)

MARC details
000 -LEADER
fixed length control field 00403nam a2200181Ia 4500
008 - FIXED-LENGTH DATA ELEMENTS--GENERAL INFORMATION
fixed length control field 101110s9999 xx 000 0 und d
041 ## - LANGUAGE CODE
Language code of text/sound track or separate title ENGLISH
082 ## - DEWEY DECIMAL CLASSIFICATION NUMBER
Item number SR3749
100 ## - MAIN ENTRY--PERSONAL NAME
Personal name Parsons L. M.
245 ## - TITLE STATEMENT
Title Everyday science
520 ## - SUMMARY, ETC.
Summary, etc Physics
546 ## - LANGUAGE NOTE
Language note ENGLISH
630 ## - SUBJECT ADDED ENTRY--UNIFORM TITLE
Uniform title Everyday science
650 ## - SUBJECT ADDED ENTRY--TOPICAL TERM
Topical term or geographic name as entry element Physics
655 ## - INDEX TERM--GENRE/FORM
Genre/form data or focus term Physics
730 ## - ADDED ENTRY--UNIFORM TITLE
Uniform title Everyday science
942 ## - ADDED ENTRY ELEMENTS (KOHA)
Koha item type Book
Holdings
Withdrawn status Lost status Damaged status Not for loan Home library Current library Shelving location Date acquired Shelving control number Total Checkouts Barcode Date last seen Price effective from Koha item type
        D. B. J. College, Chiplun D. B. J. College, Chiplun   11/11/2010     DBJSR3749 11/11/2010 11/11/2010 Book